Ninjago Characters by relation to others - Statistics

General Stats
  • This quiz has been taken 26 times
  • The average score is 7 of 15
Answer Stats
Hint Answer % Correct
Aspheera’s nemesis Wu
81%
Arin’s old best friend Frak
76%
Edna’s adopted son Jay
76%
Wu’s nephew Lloyd
76%
Kai’s sister Nya
76%
Wyldfyre’s mentor Kai
67%
Beaten by Lloyd twice (and once by Zane) Overlord
57%
“Captured” Arin’s parents Lee
52%
Djinn defeated by Jay Nadakhan
48%
Rox’s brother Nokt
48%
Sora’s imperium replacement Jordana
43%
Arin’s mom Jenny
19%
Frak’s dad Reginald
19%
Sora’s first enemy in the crossroads Kreel
10%
Jay’s fake old best friend Agent Donavon
0%
No matching quizzes found
Score Distribution
Percent of People with Each Score
Percentile by Number Answered
Your Score History
You have not taken this quiz